000 00268nam a2200109Ia 4500
008 190906s9999||||xx |||||||||||||| ||und||
100 _aTkach, Fang,
245 0 _aVisual Modelling Technique
260 _aNew York
_bAddison - Wesley
_c1996
300 _a426
942 _cBK
999 _c5979
_d5979